Sekundárny trh úverových pohľadávok v transformujúcich sa ekonomikách SR a ČR

Transformácia bankového sektora na stabilný a výkonný bankový systém. Nástroje reštrukturalizácie nebonitných aktív bánk. Transformačné inštitúcie v Slovenskej republike. Presunuté pohľadávky. Spracovanie presunutých pohľadávok. Výťažnosť pohľadávok. Transformačný proces v Českej republike. Transfor...

Descrizione completa

Salvato in:
Dettagli Bibliografici
Autore principale: Klimiková, Mária
Altri autori: Vovk, Martin, 1976-, Dávidek, Martin
Natura: Capitolo di libro
Lingua:slovacco
Soggetti:
Tags: Aggiungi Tag
Nessun Tag, puoi essere il primo ad aggiungerne!!

MARC

LEADER 00000naa$a2200000$$$4500
001 0037965
005 20231116082059.5
041 0 |a slo 
044 |a SK 
245 1 0 |a Sekundárny trh úverových pohľadávok v transformujúcich sa ekonomikách SR a ČR  |c Mária Klimiková ... [ et al. ] 
520 |a Transformácia bankového sektora na stabilný a výkonný bankový systém. Nástroje reštrukturalizácie nebonitných aktív bánk. Transformačné inštitúcie v Slovenskej republike. Presunuté pohľadávky. Spracovanie presunutých pohľadávok. Výťažnosť pohľadávok. Transformačný proces v Českej republike. Transformačné inštitúcie v ČR. 
610 2 0 |a pohľadávky 
610 2 0 |a úver 
610 2 0 |a reštrukturalizácia 
610 2 0 |a aktíva 
610 2 0 |a bonita 
610 2 0 |a banky 
610 2 0 |a transformácia 
610 2 0 |a Slovensko 
610 2 0 |a Česko 
100 1 |a Klimiková, Mária 
700 1 |a Vovk, Martin, 1976- 
700 1 |a Dávidek, Martin